000 00488nam a2200193 a 4500
001 13429
003 CO-ViMGA
008 141112s2004 ck r 000 u spa d
020 _a847722692X
040 _aCO-ViMGA
_bspa
_cCO-ViMGA
082 0 4 _aROSma
100 1 _aRoss, Tony
_954809
245 1 0 _amamá cabra y los siete cabrillos
260 _aBarcelona :
_bCeac,
_c1991
300 _a27 : ils
490 _aLa nuve de algodon
650 1 4 _aCUENTOS INFANTILES
_92743
942 _2ddc
_cBK
999 _c24158
_d24158